Top 50 Baby Girl Names Beginning with V - Statistics

General Stats
  • This quiz has been taken 254 times
  • The average score is 25 of 50
Answer Stats
Hint Answer % Correct
1 Victoria
90%
37 Viktoria
90%
5 Valerie
84%
16 Valery
84%
2 Violet
82%
34 Violett
82%
18 Violette
82%
42 Veera
81%
8 Vera
81%
7 Vanessa
80%
10 Veronica
80%
43 Veronika
80%
4 Vivian
77%
21 Viviann
77%
30 Vivianne
77%
23 Vivien
77%
9 Vivienne
77%
47 Vicky
74%
19 Viola
69%
6 Valeria
58%
3 Valentina
53%
40 Vaani
49%
12 Virginia
47%
15 Violeta
46%
27 Violetta
46%
44 Vanna
44%
13 Vienna
42%
14 Vada
41%
25 Vaeda
41%
41 Vaida
41%
45 Valentine
41%
20 Vayda
41%
17 Veda
41%
11 Viviana
41%
48 Via
38%
28 Verity
33%
35 Victory
29%
39 Vania
27%
31 Vanya
27%
50 Venice
26%
26 Venus
26%
24 Valencia
24%
22 Vida
23%
49 Vita
23%
38 Vianna
22%
29 Valkyrie
9%
46 Vesper
6%
32 Vanellope
4%
33 Vianey
2%
36 Vianney
2%
No matching quizzes found
Score Distribution
Percent of People with Each Score
Percentile by Number Answered
Your Score History
You have not taken this quiz